Fuzzy Measure Theory

Αποθηκεύτηκε σε:
Λεπτομέρειες βιβλιογραφικής εγγραφής
Κύριος συγγραφέας: Wang, Zhenyuan
Άλλοι συγγραφείς: Klir, George J. 1932-
Μορφή: Βιβλίο
Γλώσσα:English
Δημοσίευση: New York : Plenum Press, c1992
Θέματα:
Ετικέτες: Προσθήκη ετικέτας
Δεν υπάρχουν, Καταχωρήστε ετικέτα πρώτοι!

MARC

LEADER 00000nam a2200000 i 4500
001 1/59358
008 960122s1992 eng d
020 |a 0-306-44260-4 
035 |a 1995  |c ΦΛΕΣΣΑΣ  |l 10046066 
040 |a GR-MY-UA  |b gre  |e aacr 
041 0 |a eng 
082 0 |a 515.42 
100 1 |a Wang, Zhenyuan. 
245 1 0 |a Fuzzy Measure Theory /  |c Zhenyuan Wang and George J. Klir 
260 |a New York :   |b Plenum Press,   |c c1992 
300 |a 354 p.;  |c 23 cm.+ 
500 |a Includes bibliographical references and indexes 
650 0 0 |a Measure theory. 
650 0 0 |a Fuzzy sets. 
700 1 |a Klir, George J.  |d 1932- 
852 |a INST  |b SAMOS  |e 19960122  |h 515.42 WAN  |p 005300004697  |q 005300004697  |t BK  |y 0 
909 |a Σ  |b 041259